000 00223nam a22000977a 4500
999 _c16183
_d16183
003 OSt
008 200617b ||||| |||| 00| 0 eng d
100 _aHilaire Belloc
_94602
245 _aSongs of the South Country
942 _cBK